000 00588nam a2200217Ia 4500
001 14845
003 GE_BSU
008 181216s||||||||xx |||||||||||||| ||und||
040 _cGE_BSU
080 _a519.21(075.8)
100 _aБоровков,А.А.
245 _aКурс теории вероятностей
245 _cРед.Р.А.Рогозин
260 _aМосква
260 _bНаука
260 _c1972
300 _a287стр.20см.
300 _eуказатель стр.283-287
653 _aКурс теории вероятностей
942 _cBK
999 _c47968
_d47968